[Event "ROM-chT"]
[Site "Tusnad"]
[Date "2004.05.03"]
[Round "3.4"]
[White "Marasescu, Ioan"]
[Black "Tomescu, Vlad"]
[Result "1/2-1/2"]
[WhiteElo "2308"]
[BlackElo "2419"]
[PlyCount "31"]
[EventDate "2004.05.05"]
[EventType "team-tourn"]
[EventRounds "9"]
[EventCountry "ROU"]
[SourceTitle "EXT 2008"]
[Source "ChessBase"]
[SourceDate "2007.11.25"]
[SourceVersion "1"]
[SourceVersionDate "2007.11.25"]
[SourceQuality "1"]

1. Nf3 Nf6 2. c4 g6 3. Nc3 d5 4. cxd5 Nxd5 5. Qa4+ Bd7 6. Qh4 Nxc3 7. dxc3 Nc6 8. Bf4 f6 9. Bh6 e5 10. Bxf8 Kxf8 11. Qh6+ Kf7 12. e4 Be6 13. Be2 Qf8 14. Qe3 Qe7 15. 0-0 Rhd8 16. Nd2 1/2-1/2

[Event "Boeblingen op 19th"]
[Site "Boeblingen"]
[Date "2002.12.30"]
[Round "8"]
[White "Marasescu, Ioan"]
[Black "Schuster, Martin"]
[Result "1-0"]
[WhiteElo "2295"]
[BlackElo "2136"]
[PlyCount "81"]
[EventDate "2002.12.26"]
[EventType "swiss"]
[EventRounds "9"]
[EventCountry "GER"]
[SourceTitle "EXT 2004"]
[Source "ChessBase"]
[SourceDate "2003.11.25"]
[SourceVersion "1"]
[SourceVersionDate "2003.11.25"]
[SourceQuality "1"]

1. d4 d5 2. c4 e6 3. Nc3 Nf6 4. Bg5 Be7 5. Nf3 Nbd7 6. e3 0-0 7. Qc2 c6 8. 0-0-0 a5 9. Kb1 dxc4 10. Bxc4 Nd5 11. h4 Nb4 12. Qe4 Nb6 13. Bd3 f5 14. Bxe7 Qxe7 15. Qe5 Nxd3 16. Rxd3 Nc4 17. Qf4 Qb4 18. Nd1 Ra6 19. Qc7 Qd6 20. Qxd6 Nxd6 21. g3 Ne4 22. Ne5 Rd8 23. Rg1 Bd7 24. f3 Nf6 25. Nc3 b5 26. Rc1 Be8 27. Ne2 Nd5 28. Nf4 Nxf4 29. gxf4 Kf8 30. Rdc3 Rd6 31. Rc5 Ke7 32. a4 Rb6 33. axb5 cxb5 34. Rc7+ Bd7 35. Ra7 Ra6 36. Rb7 Rab6 37. Rbc7 g6 38. h5 a4 39. hxg6 hxg6 40. Rh1 Kd8 41. Ra7 1-0

[Event "ROM-chT2"]
[Site "Baile Tusnad"]
[Date "2000.??.??"]
[Round "?"]
[White "Marasescu, Ioan"]
[Black "Zetocha, Claudiu Andrei"]
[Result "1/2-1/2"]
[WhiteElo "2297"]
[BlackElo "2388"]
[PlyCount "30"]
[EventDate "2000.??.??"]
[EventType "team-tourn"]
[EventRounds "9"]
[EventCountry "ROU"]
[SourceTitle "EXT 2001"]
[Source "ChessBase"]
[SourceDate "2000.11.22"]
[SourceVersion "1"]
[SourceVersionDate "2000.11.22"]
[SourceQuality "1"]

1. Nf3 c5 2. c4 Nf6 3. g3 b6 4. Bg2 Bb7 5. 0-0 e6 6. Nc3 d6 7. d4 cxd4 8. Qxd4 a6 9. Rd1 Be7 10. b3 Nbd7 11. e4 Qc7 12. Ba3 Nc5 13. e5 dxe5 14. Qxe5 Rc8 15. Qxc7 Rxc7 1/2-1/2

[Event "Sah Ga-Mat op"]
[Site "Romania"]
[Date "1999.??.??"]
[Round "?"]
[White "Butunoi, Alexandru Victor"]
[Black "Marasescu, Ioan"]
[Result "1/2-1/2"]
[WhiteElo "2175"]
[BlackElo "2305"]
[PlyCount "22"]
[EventDate "1999.??.??"]
[EventType "swiss"]
[EventRounds "9"]
[EventCountry "ROU"]
[SourceTitle "EXT 2004"]
[Source "ChessBase"]
[SourceDate "2003.11.25"]
[SourceVersion "1"]
[SourceVersionDate "2003.11.25"]
[SourceQuality "1"]

1. e4 c5 2. g3 Nc6 3. Bg2 g6 4. Ne2 Bg7 5. d3 e5 6. c3 Nge7 7. Be3 b6 8. d4 cxd4 9. cxd4 Ba6 10. Nbc3 exd4 11. Nxd4 Nxd4 1/2-1/2

[Event "Timisoara"]
[Site "Timisoara"]
[Date "1999.??.??"]
[Round "?"]
[White "Marasescu, Ioan"]
[Black "Bogdan, Dan"]
[Result "1/2-1/2"]
[WhiteElo "2305"]
[BlackElo "2365"]
[PlyCount "21"]
[EventDate "1999.??.??"]
[EventType "tourn"]
[EventRounds "11"]
[EventCountry "ROU"]
[SourceTitle "EXT 2004"]
[Source "ChessBase"]
[SourceDate "2003.11.25"]
[SourceVersion "1"]
[SourceVersionDate "2003.11.25"]
[SourceQuality "1"]

1. d4 Nf6 2. Nf3 g6 3. Bg5 Bg7 4. Nbd2 0-0 5. e4 d6 6. Bd3 h6 7. Bh4 Nfd7 8. 0-0 c5 9. c3 cxd4 10. Nxd4 Nc6 11. N4b3 1/2-1/2

[Event "Timisoara"]
[Site "Timisoara"]
[Date "1999.??.??"]
[Round "?"]
[White "Marasescu, Ioan"]
[Black "Grunberg, Florin"]
[Result "1/2-1/2"]
[WhiteElo "2305"]
[BlackElo "2220"]
[PlyCount "20"]
[EventDate "1999.??.??"]
[EventType "tourn"]
[EventRounds "11"]
[EventCountry "ROU"]
[SourceTitle "EXT 2004"]
[Source "ChessBase"]
[SourceDate "2003.11.25"]
[SourceVersion "1"]
[SourceVersionDate "2003.11.25"]
[SourceQuality "1"]

1. d4 Nf6 2. c4 e6 3. Nc3 Bb4 4. Qc2 0-0 5. a3 Bxc3+ 6. Qxc3 b6 7. f3 Bb7 8. e3 d6 9. Bd3 Nbd7 10. Ne2 c5 1/2-1/2

[Event "Timisoara"]
[Site "Timisoara"]
[Date "1999.??.??"]
[Round "?"]
[White "Marcia, Gottfried"]
[Black "Marasescu, Ioan"]
[Result "1/2-1/2"]
[WhiteElo "2270"]
[BlackElo "2305"]
[PlyCount "101"]
[EventDate "1999.??.??"]
[EventType "tourn"]
[EventRounds "11"]
[EventCountry "ROU"]
[SourceTitle "EXT 2004"]
[Source "ChessBase"]
[SourceDate "2003.11.25"]
[SourceVersion "1"]
[SourceVersionDate "2003.11.25"]
[SourceQuality "1"]

1. e4 c5 2. Nf3 d6 3. d4 cxd4 4. Nxd4 Nf6 5. Nc3 g6 6. Be3 Bg7 7. f3 0-0 8. Qd2 Nc6 9. 0-0-0 Nxd4 10. Bxd4 Be6 11. Kb1 Qc7 12. Nd5 Bxd5 13. exd5 Rfc8 14. c4 b5 15. Rc1 Qb7 16. Be2 bxc4 17. Bxc4 Rab8 18. Rhe1 Rc7 19. Bb3 Rbc8 20. Rxc7 Rxc7 21. Rc1 Nd7 22. Bxg7 Kxg7 23. Qd4+ Kg8 24. Rc6 Nc5 25. Qc4 Rd7 26. Ba4 Rd8 27. Qb5 Qa8 28. Qa5 e6 29. dxe6 Nxe6 30. Qd5 Qb8 31. Bb3 Qb7 32. Rxd6 Qxd5 33. Rxd5 Rxd5 34. Bxd5 Nf4 35. Bc4 Nxg2 36. b4 Kf8 37. a4 Ke7 38. a5 f5 39. Kb2 Kd6 40. Kc3 Ne3 41. Bb3 g5 42. Kd4 Nf1 43. b5 Nxh2 44. Bd5 Kc7 45. Kc5 g4 46. fxg4 fxg4 47. Kd4 h5 48. Ke3 g3 49. Kf4 h4 50. Bg2 Kb8 51. Bh3 1/2-1/2

[Event "Timisoara op"]
[Site "Timisoara"]
[Date "1999.??.??"]
[Round "?"]
[White "Ungureanu, Emil"]
[Black "Marasescu, Ioan"]
[Result "1-0"]
[WhiteElo "2325"]
[BlackElo "2310"]
[PlyCount "62"]
[EventDate "1999.??.??"]
[EventType "swiss"]
[EventRounds "9"]
[EventCountry "ROU"]
[SourceTitle "EXT 2004"]
[Source "ChessBase"]
[SourceDate "2003.11.25"]
[SourceVersion "1"]
[SourceVersionDate "2003.11.25"]
[SourceQuality "1"]

1. d4 d6 2. Nf3 Bg4 3. c4 Nd7 4. Qb3 Rb8 5. Be3 c6 6. Nbd2 Ngf6 7. h3 Bh5 8. g4 Bg6 9. Bg2 e6 10. Nh4 Be7 11. Nxg6 hxg6 12. 0-0 0-0 13. Rad1 Re8 14. Bf4 e5 15. Be3 exd4 16. Bxd4 Qa5 17. Qc2 Bf8 18. e3 Rbd8 19. b3 d5 20. g5 Ne4 21. Nxe4 dxe4 22. h4 Qf5 23. f3 Ne5 24. fxe4 Qe6 25. Qf2 Rd7 26. Qg3 Qe7 27. Bh3 Rdd8 28. Qf4 c5 29. Bc3 Rxd1 30. Rxd1 Nc6 31. Bg2 Rd8 1-0

[Event "HUN-ch op"]
[Site "Pecs"]
[Date "1998.??.??"]
[Round "9"]
[White "Csom, Istvan"]
[Black "Marasescu, Ioan"]
[Result "1-0"]
[WhiteElo "2460"]
[BlackElo "2315"]
[PlyCount "79"]
[EventDate "1998.??.??"]
[EventType "swiss"]
[EventRounds "9"]
[EventCountry "HUN"]
[SourceTitle "EXT 2000"]
[Source "ChessBase"]
[SourceDate "1999.11.16"]
[SourceVersion "1"]
[SourceVersionDate "1999.11.16"]
[SourceQuality "1"]

1. Nf3 f5 2. g3 Nf6 3. d4 g6 4. Bg2 Bg7 5. 0-0 0-0 6. b3 c6 7. Nbd2 d6 8. Bb2 Qc7 9. Re1 Na6 10. e4 fxe4 11. Nxe4 Nxe4 12. Rxe4 Bf5 13. Re3 Nb4 14. Ne1 Rae8 15. c4 e5 16. a3 Na6 17. dxe5 Bxe5 18. Bxe5 Rxe5 19. Rxe5 dxe5 20. b4 Rd8 21. Qe2 Qd6 22. Rc1 Qd2 23. Qxd2 Rxd2 24. Nf3 Rd3 25. b5 Nc5 26. Nxe5 Rxa3 27. bxc6 bxc6 28. Nxc6 Kg7 29. h3 a5 30. Re1 a4 31. g4 Bc2 32. g5 Rd3 33. Re7+ Kf8 34. Bd5 a3 35. Ra7 Ke8 36. Ra8+ Kd7 37. Ne5+ Kd6 38. Nxd3 Nxd3 39. Rxa3 Nf4 40. Kh2 1-0

[Event "HUN-chT2 9798"]
[Site "Hungary"]
[Date "1998.??.??"]
[Round "?"]
[White "Lenart, Endre"]
[Black "Marasescu, Ioan"]
[Result "1/2-1/2"]
[WhiteElo "2240"]
[BlackElo "2330"]
[PlyCount "31"]
[EventDate "1997.??.??"]
[EventType "team-tourn"]
[EventRounds "11"]
[EventCountry "HUN"]
[SourceTitle "EXT 1999"]
[Source "ChessBase"]
[SourceDate "1998.11.16"]
[SourceVersion "1"]
[SourceVersionDate "1998.11.16"]
[SourceQuality "1"]

1. e4 c5 2. Nf3 Nc6 3. Bb5 Nf6 4. e5 Nd5 5. Nc3 Nc7 6. Bxc6 dxc6 7. h3 Ne6 8. Ne4 g6 9. d3 Bg7 10. Be3 Nd4 11. Nxc5 Nxf3+ 12. Qxf3 Bxe5 13. 0-0 0-0 14. d4 Bg7 15. Rad1 Qd5 16. Qxd5 1/2-1/2

[Event "Budapest Ponzugyor"]
[Site "Budapest"]
[Date "1998.??.??"]
[Round "?"]
[White "Marasescu, Ioan"]
[Black "Hallossy, Tibor"]
[Result "1-0"]
[WhiteElo "2315"]
[BlackElo "2145"]
[PlyCount "51"]
[EventDate "1998.??.??"]
[EventType "tourn"]
[EventRounds "9"]
[EventCountry "HUN"]
[EventCategory "2"]
[SourceTitle "EXT 2002"]
[Source "ChessBase"]
[SourceDate "2001.11.25"]
[SourceVersion "1"]
[SourceVersionDate "2001.11.25"]
[SourceQuality "1"]

1. d4 d5 2. c4 c6 3. Nf3 Nf6 4. e3 dxc4 5. Bxc4 e6 6. 0-0 Nbd7 7. Nc3 Be7 8. e4 0-0 9. Qe2 b5 10. Bd3 b4 11. Na4 Qa5 12. b3 e5 13. Bb2 Bd6 14. Rac1 exd4 15. Nxd4 c5 16. Nf5 Bf4 17. e5 Re8 18. Qf3 Nxe5 19. Bxe5 Bxe5 20. Rxc5 Qd8 21. Rxe5 Rxe5 22. Qxa8 Qxd3 23. Qxc8+ Re8 24. Qc5 Qd2 25. Qxa7 g6 26. Qd4 1-0

[Event "HUN-ch op"]
[Site "Pecs"]
[Date "1998.??.??"]
[Round "3"]
[White "Varga, Peter"]
[Black "Marasescu, Ioan"]
[Result "1/2-1/2"]
[WhiteElo "2390"]
[BlackElo "2315"]
[PlyCount "47"]
[EventDate "1998.??.??"]
[EventType "swiss"]
[EventRounds "9"]
[EventCountry "HUN"]
[SourceTitle "EXT 2000"]
[Source "ChessBase"]
[SourceDate "1999.11.16"]
[SourceVersion "1"]
[SourceVersionDate "1999.11.16"]
[SourceQuality "1"]

1. d4 f5 2. g3 Nf6 3. Bg2 g6 4. Nh3 Bg7 5. c3 Nc6 6. 0-0 0-0 7. Nd2 d5 8. Nf3 Ne4 9. Nf4 e6 10. Nd3 Nd6 11. Bg5 Qe8 12. Bf4 Qe7 13. Nfe5 Nxe5 14. Bxe5 Bxe5 15. Nxe5 Nf7 16. Nxf7 Rxf7 17. b4 Bd7 18. a4 f4 19. e3 fxe3 20. fxe3 Rxf1+ 21. Qxf1 a5 22. b5 c6 23. e4 dxe4 24. Bxe4 1/2-1/2

[Event "Pecs Suto op"]
[Site "Pecs"]
[Date "1997.??.??"]
[Round "?"]
[White "Marasescu, Ioan"]
[Black "Buric, Danijel"]
[Result "0-1"]
[WhiteElo "2330"]
[BlackElo "2230"]
[PlyCount "76"]
[EventDate "1997.??.??"]
[EventType "swiss"]
[EventRounds "9"]
[EventCountry "HUN"]
[SourceTitle "EXT 2004"]
[Source "ChessBase"]
[SourceDate "2003.11.25"]
[SourceVersion "1"]
[SourceVersionDate "2003.11.25"]
[SourceQuality "1"]

1. d4 Nc6 2. e4 d5 3. Nc3 dxe4 4. d5 Ne5 5. Qd4 Ng6 6. Qxe4 Nf6 7. Bb5+ Bd7 8. Qa4 e5 9. dxe6 fxe6 10. Qb3 c6 11. Bd3 Qc7 12. Bxg6+ hxg6 13. Nf3 b5 14. Ne2 e5 15. Ng3 c5 16. Qd3 0-0-0 17. Qxg6 e4 18. Ng5 Rh4 19. Qf7 Qe5 20. a4 e3 21. Bxe3 Qxb2 22. 0-0 Rxa4 23. Rab1 Qa2 24. Qg6 Nd5 25. N3e4 Ra6 26. Qh5 Nxe3 27. fxe3 Qxc2 28. Rbc1 Qb3 29. Qf3 c4 30. Rfd1 Re8 31. Rxd7 Kxd7 32. Rd1+ Kc8 33. Qf5+ Rae6 34. Re1 g6 35. Qg4 c3 36. Nf6 Qb4 37. Nfe4 c2 38. Rc1 Qb1 0-1

[Event "Pecs Suto op"]
[Site "Pecs"]
[Date "1997.??.??"]
[Round "?"]
[White "Marasescu, Ioan"]
[Black "Kocsis, Laszlo"]
[Result "1/2-1/2"]
[WhiteElo "2330"]
[BlackElo "2130"]
[PlyCount "40"]
[EventDate "1997.??.??"]
[EventType "swiss"]
[EventRounds "9"]
[EventCountry "HUN"]
[SourceTitle "EXT 2004"]
[Source "ChessBase"]
[SourceDate "2003.11.25"]
[SourceVersion "1"]
[SourceVersionDate "2003.11.25"]
[SourceQuality "1"]

1. d4 Nf6 2. c4 c5 3. d5 e6 4. Nc3 exd5 5. cxd5 d6 6. e4 g6 7. f4 Bg7 8. Bb5+ Nbd7 9. a4 0-0 10. Nf3 a6 11. Bc4 Qc7 12. 0-0 Nb6 13. Ba2 Bg4 14. h3 Bxf3 15. Qxf3 Nfd7 16. Be3 Rae8 17. Bf2 Nc8 18. Bc4 Bd4 19. Kh1 f5 20. e5 Bxe5 1/2-1/2

[Event "Pecs Suto op"]
[Site "Pecs"]
[Date "1997.??.??"]
[Round "?"]
[White "Monus, Zoltan"]
[Black "Marasescu, Ioan"]
[Result "0-1"]
[WhiteElo "2160"]
[BlackElo "2330"]
[PlyCount "52"]
[EventDate "1997.??.??"]
[EventType "swiss"]
[EventRounds "9"]
[EventCountry "HUN"]
[SourceTitle "EXT 2004"]
[Source "ChessBase"]
[SourceDate "2003.11.25"]
[SourceVersion "1"]
[SourceVersionDate "2003.11.25"]
[SourceQuality "1"]

1. d4 d5 2. Bg5 Nd7 3. e3 c5 4. Nc3 Ngf6 5. dxc5 Ne4 6. Qxd5 Nxc3 7. Qc4 Nxc5 8. Qxc5 Ne4 9. Qb5+ Bd7 10. Rd1 f6 11. Qxb7 Nd6 12. Rxd6 exd6 13. Bf4 Rb8 14. Qe4+ Be7 15. Bxd6 Rxb2 16. Bxe7 Rb1+ 17. Kd2 Qxe7 18. Qxe7+ Kxe7 19. Ne2 Rd8 20. Nc1 Bb5+ 21. Bd3 Bxd3 22. cxd3 Rdb8 23. Rd1 R8b2+ 24. Ke1 Rc2 25. Ne2 Rbb2 26. Nd4 Rxf2 0-1

[Event "ROM-chT"]
[Site "Baile Tusnad"]
[Date "1997.??.??"]
[Round "?"]
[White "Vajda, Albert"]
[Black "Marasescu, Ioan"]
[Result "1-0"]
[WhiteElo "2385"]
[BlackElo "2330"]
[PlyCount "74"]
[EventDate "1997.??.??"]
[EventType "team-tourn"]
[EventRounds "5"]
[EventCountry "ROU"]
[SourceTitle "EXT 1999"]
[Source "ChessBase"]
[SourceDate "1998.11.16"]
[SourceVersion "1"]
[SourceVersionDate "1998.11.16"]
[SourceQuality "1"]

1. c4 f5 2. d4 Nf6 3. g3 c6 4. Bg2 g6 5. Nf3 Bg7 6. 0-0 0-0 7. Nc3 d6 8. b3 a5 9. Ba3 Na6 10. Re1 Ne4 11. Bb2 d5 12. e3 Be6 13. Qe2 Kh8 14. Rac1 Nb4 15. a3 Na6 16. Na4 dxc4 17. bxc4 b5 18. cxb5 cxb5 19. Qxb5 Bd7 20. Qc4 Qb8 21. Ba1 Rc8 22. Nc5 Naxc5 23. dxc5 Bxa1 24. Rxa1 Nxc5 25. Qf7 Be6 26. Qxe7 Ra7 27. Qf6+ Kg8 28. Rab1 Qc7 29. Rec1 Qf7 30. Qxf7+ Bxf7 31. Nd4 Rac7 32. Nb5 Rd7 33. Rc3 Bd5 34. Rd1 Bxg2 35. Rxd7 Bc6 36. Na7 Rb8 37. Rd1 Bf3 1-0

[Event "ROM-chT"]
[Site "Baile Herculane"]
[Date "1996.??.??"]
[Round "1"]
[White "Atalik, Suat"]
[Black "Marasescu, Ioan"]
[Result "1-0"]
[WhiteElo "2535"]
[BlackElo "2360"]
[PlyCount "81"]
[EventDate "1996.??.??"]
[EventType "team"]
[EventRounds "5"]
[EventCountry "ROU"]
[SourceTitle "CBM 056"]
[Source "ChessBase"]
[SourceDate "1997.02.01"]
[SourceVersion "1"]
[SourceVersionDate "1997.02.01"]
[SourceQuality "1"]

1. d4 f5 2. Bg5 c6 3. c4 Qb6 4. Qd2 d6 5. Nc3 Nd7 6. e4 fxe4 7. Nxe4 Ngf6 8. Nc3 e5 9. Nge2 Be7 10. h3 0-0 11. Be3 Qc7 12. d5 Nb6 13. Ng3 Bd7 14. Be2 cxd5 15. Nxd5 Nbxd5 16. cxd5 Rfc8 17. 0-0 Qc2 18. Bf3 Qxd2 19. Bxd2 Rc4 20. Rfc1 Rac8 21. Rxc4 Rxc4 22. Be3 a6 23. Bd1 Rc8 24. Bb3 Bf8 25. a4 Be8 26. Ne2 Bf7 27. Nc3 Be7 28. a5 Bd8 29. g4 h6 30. f4 exf4 31. Bxf4 Be7 32. Ra4 g5 33. Be3 Nd7 34. Rb4 Rc7 35. Ba7 Bf6 36. Ne4 Be5 37. Kg2 Kf8 38. Bd4 Ke7 39. Bxe5 Nxe5 40. Rb6 Bg6 41. Nxd6 1-0

[Event "Harkany Tenkes Cup"]
[Site "Harkany"]
[Date "1996.??.??"]
[Round "5"]
[White "Horvath, Julia"]
[Black "Marasescu, Ioan"]
[Result "0-1"]
[WhiteElo "2275"]
[BlackElo "2335"]
[PlyCount "142"]
[EventDate "1996.11.??"]
[EventType "swiss"]
[EventRounds "9"]
[EventCountry "HUN"]
[SourceTitle "EXT 2004"]
[Source "ChessBase"]
[SourceDate "2003.11.25"]
[SourceVersion "1"]
[SourceVersionDate "2003.11.25"]
[SourceQuality "1"]

1. d4 f5 2. g3 Nf6 3. Bg2 c6 4. Nf3 g6 5. 0-0 Bg7 6. c4 0-0 7. Nc3 d6 8. d5 Bd7 9. e4 fxe4 10. Ng5 Na6 11. Ngxe4 Nxe4 12. Nxe4 Nc7 13. Bg5 Qe8 14. Qd2 cxd5 15. cxd5 Qf7 16. Rac1 Rac8 17. Rfe1 Rfe8 18. Be3 b6 19. Ng5 Qf6 20. Rc2 Nb5 21. Rec1 Rxc2 22. Rxc2 Rc8 23. Ne4 Qf8 24. Rxc8 Qxc8 25. a4 Nc7 26. Bd4 Bxd4 27. Qxd4 Ne8 28. h4 Qc1+ 29. Kh2 Qc2 30. Ng5 Nf6 31. Bh3 Qxa4 32. Qe3 Kf8 33. Bxd7 Qxd7 34. Ne6+ Kg8 35. Qd4 Kf7 36. Ng5+ Ke8 37. Ne6 Qb7 38. Nf4 Kf7 39. f3 Qc8 40. g4 Qc1 41. Ne6 Qe1 42. Ng5+ Kg8 43. Kh3 Qf1+ 44. Kg3 Qb5 45. Qe3 Qxd5 46. Qxe7 Qe5+ 47. Qxe5 dxe5 48. Kf2 Kf8 49. Ke3 Ke7 50. Nh3 Kd6 51. Nf2 a5 52. g5 Nd5+ 53. Ke4 Nf4 54. Ng4 Ng2 55. Nxe5 Nxh4 56. Ng4 Kc5 57. Ne5 b5 58. f4 a4 59. Kd3 Kb4 60. Kc2 Ng2 61. Nd3+ Kc4 62. Ne5+ Kd4 63. Nd7 Nxf4 64. Nf6 Ne6 65. Nxh7 b4 66. Kd2 Kc4 67. Kc2 Nd4+ 68. Kc1 Kb3 69. Nf6 a3 70. bxa3 bxa3 71. Ne4 a2 0-1

[Event "Nyiregyhaza op"]
[Site "Nyiregyhaza"]
[Date "1996.??.??"]
[Round "6"]
[White "Kosa, Laszlo"]
[Black "Marasescu, Ioan"]
[Result "1/2-1/2"]
[WhiteElo "2230"]
[BlackElo "2360"]
[PlyCount "122"]
[EventDate "1996.07.??"]
[EventType "swiss"]
[EventRounds "9"]
[EventCountry "HUN"]
[SourceTitle "EXT 2004"]
[Source "ChessBase"]
[SourceDate "2003.11.25"]
[SourceVersion "1"]
[SourceVersionDate "2003.11.25"]
[SourceQuality "1"]

1. e4 c5 2. Nf3 Nc6 3. d3 e6 4. Nbd2 d5 5. c3 Bd6 6. g3 Nge7 7. Bg2 0-0 8. Qe2 Qc7 9. 0-0 f6 10. Re1 Bd7 11. Nf1 b5 12. a3 a5 13. N1d2 Rfe8 14. d4 cxd4 15. cxd4 dxe4 16. Nxe4 Nd5 17. Nxd6 Qxd6 18. Qxb5 Nxd4 19. Qd3 Nxf3+ 20. Bxf3 Bc6 21. Bd2 Qb8 22. Rac1 Qb6 23. Qc4 Bb7 24. Qe2 a4 25. Qd1 Red8 26. Qe2 Re8 27. Be4 f5 28. Bd3 Ba6 29. Bxa6 Qxa6 30. Qe5 Rac8 31. Rcd1 Qb5 32. Bc1 Kf7 33. Be3 Qb8 34. Bd4 Qxe5 35. Bxe5 Rc4 36. Rd3 Ra8 37. b4 axb3 38. Rxb3 Ra7 39. Reb1 Rca4 40. Rb7+ Kg6 41. Bd6 Kf6 42. h4 e5 43. Bc5 Rxb7 44. Rxb7 f4 45. Bf8 fxg3 46. fxg3 g6 47. Rxh7 Ra8 48. Rd7 Rxf8 49. Rxd5 Ra8 50. Rd3 e4 51. Rb3 Kf5 52. Kg2 Ra5 53. Rc3 Ra6 54. Kf2 Ra4 55. Rb3 Ra5 56. Ke3 Ra4 57. Rb5+ Kf6 58. Rb3 Kf5 59. Kf2 Ra6 60. Rc3 Ra4 61. Rb3 Ra6 1/2-1/2

[Event "Hajduboszormeny"]
[Site "Hajduboszormeny"]
[Date "1996.??.??"]
[Round "2"]
[White "Lembak, Jurij"]
[Black "Marasescu, Ioan"]
[Result "0-1"]
[WhiteElo "2310"]
[BlackElo "2360"]
[PlyCount "62"]
[EventDate "1996.??.??"]
[EventType "tourn"]
[EventRounds "11"]
[EventCountry "HUN"]
[EventCategory "3"]
[SourceTitle "EXT 2004"]
[Source "ChessBase"]
[SourceDate "2003.11.25"]
[SourceVersion "1"]
[SourceVersionDate "2003.11.25"]
[SourceQuality "1"]

1. d4 f5 2. g3 Nf6 3. Bg2 g6 4. Nf3 Bg7 5. 0-0 0-0 6. c4 d6 7. Nc3 c6 8. b3 a5 9. Bb2 Na6 10. Re1 Ne4 11. Nxe4 fxe4 12. Nd2 d5 13. cxd5 cxd5 14. f3 exf3 15. Nxf3 Nb4 16. a3 Nc6 17. Ne5 Be6 18. Qd3 Qb6 19. e3 Rad8 20. Nxc6 bxc6 21. b4 axb4 22. axb4 Qxb4 23. Ba3 Qb7 24. Bc5 Ra8 25. Rxa8 Rxa8 26. e4 Qb2 27. Rb1 Ra1 28. Rxa1 Qxa1+ 29. Kf2 Qb2+ 30. Kg1 Qc1+ 31. Kf2 dxe4 0-1

[Event "Pecs op"]
[Site "Pecs"]
[Date "1996.??.??"]
[Round "4"]
[White "Marasescu, Ioan"]
[Black "Boros, Daniel"]
[Result "0-1"]
[WhiteElo "2360"]
[BlackElo "2270"]
[PlyCount "64"]
[EventDate "1996.??.??"]
[EventType "swiss"]
[EventRounds "9"]
[EventCountry "HUN"]
[SourceTitle "EXT 2004"]
[Source "ChessBase"]
[SourceDate "2003.11.25"]
[SourceVersion "1"]
[SourceVersionDate "2003.11.25"]
[SourceQuality "1"]

1. Nf3 Nf6 2. c4 g6 3. Nc3 Bg7 4. e4 d6 5. d4 0-0 6. Be3 Nbd7 7. h3 e5 8. d5 Nc5 9. Nd2 a5 10. g4 Ne8 11. Qe2 b6 12. 0-0-0 f5 13. gxf5 gxf5 14. h4 f4 15. Bxc5 dxc5 16. Bh3 Nd6 17. Bxc8 Rxc8 18. Rdg1 Kh8 19. Nf3 Bh6 20. Kc2 Qe8 21. h5 Rb8 22. b3 Qe7 23. Qf1 Rfe8 24. Qh3 b5 25. cxb5 c4 26. Rb1 Rxb5 27. Nxb5 Nxb5 28. Nd2 Na3+ 29. Kb2 f3 30. Rbd1 Bxd2 31. Rxd2 c3+ 32. Kxc3 Qb4+ 0-1

[Event "Pecs op"]
[Site "Pecs"]
[Date "1996.??.??"]
[Round "6"]
[White "Marasescu, Ioan"]
[Black "Buric, Danijel"]
[Result "1/2-1/2"]
[WhiteElo "2360"]
[BlackElo "2260"]
[PlyCount "27"]
[EventDate "1996.??.??"]
[EventType "swiss"]
[EventRounds "9"]
[EventCountry "HUN"]
[SourceTitle "EXT 2004"]
[Source "ChessBase"]
[SourceDate "2003.11.25"]
[SourceVersion "1"]
[SourceVersionDate "2003.11.25"]
[SourceQuality "1"]

1. Nf3 f5 2. d4 Nf6 3. g3 g6 4. Bg2 Bg7 5. 0-0 0-0 6. c3 d5 7. Nbd2 c6 8. Ne5 Nbd7 9. Nd3 Ng4 10. h3 Nh6 11. Nf3 Nf7 12. Nf4 Re8 13. Qb3 Qb6 14. Qa3 1/2-1/2